Lịch sử giảng dạy tiêng Pháp

সংরক্ষণ করুন:
গ্রন্থ-পঞ্জীর বিবরন
প্রধান লেখক: Khoa Pháp
বিন্যাস: গ্রন্থ
ভাষা:French
প্রকাশিত: 2008
বিষয়গুলি:
ট্যাগগুলো: ট্যাগ যুক্ত করুন
কোনো ট্যাগ নেই, প্রথমজন হিসাবে ট্যাগ করুন!
Thư viện lưu trữ: Mạng thư viện Đại học Đà Nẵng
LEADER 01042nam a22003251a 4500
001 000036236
003 12531
005 20160329000000.0
008 160329s2008 000 fre
041 |a fre 
082 |a 944  |b KH-P 
100 |a Khoa Pháp 
245 |a Lịch sử giảng dạy tiêng Pháp  |c Khoa Pháp 
260 |c 2008 
300 |a 218tr . : mh ; 30cm 
650 |a Lịch sử giảng dạy tiêng Pháp, tiêng Pháp 
852 |b Chuyên đề  |c Giáo trình 
OWN |a LNN 
AVA |a UDN50  |b LNN  |d 944 KH-P  |e available  |t Error 5001 Not defined in file expand_doc_bib_avail.  |f 1  |g 0  |h N  |i 0  |k 1 
999 |a From the UDN01 
AVA |a UDN50  |b LNN  |d 944 KH-P  |e available  |t Error 5001 Not defined in file expand_doc_bib_avail.  |f 1  |g 0  |h N  |i 0  |k 1 
TYP |a Monograph 
TYP |a Printed language 
980 |a Mạng thư viện Đại học Đà Nẵng